[Event "London CC-ch B"]
[Site "London"]
[Date "2009.04.17"]
[Round "5"]
[White "Dutton, Don"]
[Black "Fox, Douglas"]
[Result "0-1"]
[WhiteElo "862"]
[BlackElo "1391"]
[PlyCount "76"]
[EventDate "2009.03.19"]
[EventType "swiss"]
[EventRounds "13"]
[EventCountry "CAN"]
[SourceTitle "EXT 2022"]
[Source "ChessBase"]
[SourceDate "2021.10.06"]
[SourceVersion "1"]
[SourceVersionDate "2021.10.06"]
[SourceQuality "1"]

1. e4 e5 2. Nf3 Nc6 3. Bd3 Nf6 4. 0-0 d5 5. Ng5 h6 6. Nf3 dxe4 7. Nxe5 Nxe5 8. Be2 Bc5 9. Nc3 0-0 10. b3 Qd6 11. Nb5 Bxf2+ 12. Rxf2 Qc5 13. h3 Rd8 14. Rb1 e3 15. Rf1 exd2+ 16. Kh2 Bxh3 17. Bxd2 Be6 18. b4 Qc6 19. Qe1 a6 20. Nc3 Qd6 21. Bf4 Neg4+ 22. Kh3 Qe7 23. a3 Ne3+ 24. Kh2 Nxf1+ 25. Bxf1 Ng4+ 26. Kg1 Qf6 27. Qg3 Qd4+ 28. Kh1 g5 29. Bxc7 Rdc8 30. Ba5 Rxc3 31. Qf3 Rxf3 32. gxf3 Nf2+ 33. Kg1 Bd5 34. Kg2 Bxf3+ 35. Kxf3 Qf4+ 36. Kg2 Ne4 37. Be2 Qg3+ 38. Kh1 Nf2# 0-1

[Event "London CC-ch B"]
[Site "London"]
[Date "2009.03.26"]
[Round "2"]
[White "Wong, Ming Jing"]
[Black "Dutton, Don"]
[Result "1-0"]
[WhiteElo "1692"]
[BlackElo "852"]
[PlyCount "55"]
[EventDate "2009.03.19"]
[EventType "swiss"]
[EventRounds "13"]
[EventCountry "CAN"]
[SourceTitle "EXT 2022"]
[Source "ChessBase"]
[SourceDate "2021.10.06"]
[SourceVersion "1"]
[SourceVersionDate "2021.10.06"]
[SourceQuality "1"]

1. Nf3 e6 2. g3 Nf6 3. Bg2 Be7 4. 0-0 Nc6 5. c4 0-0 6. Nc3 b6 7. d4 Ba6 8. d5 Nb8 9. dxe6 fxe6 10. Bf4 Ne8 11. Qd2 Nc6 12. Ne4 Nb4 13. Qc1 Bb7 14. Nfg5 Nc6 15. Rd1 e5 16. Be3 h6 17. Ne6 Qc8 18. Nxf8 Bxf8 19. c5 b5 20. Nc3 Ba6 21. Bd5+ Kh8 22. Qc2 Rb8 23. Qf5 Ne7 24. Qxf8+ Kh7 25. Qxe7 c6 26. Be4+ Kg8 27. Rxd7 Rb7 28. Qf7+ 1-0